| 000 -LEADER |
| fixed length control field |
01856nam a22001697a 4500 |
| 008 - FIXED-LENGTH DATA ELEMENTS--GENERAL INFORMATION |
| fixed length control field |
220927b ||||| |||| 00| 0 eng d |
| 100 ## - MAIN ENTRY--PERSONAL NAME |
| Personal name |
Kumar, Sateesh and Tiwari, Rambooshan |
| 245 ## - TITLE STATEMENT |
| Title |
Evolution and growth of Chirimiri town: A critical appraisal of sustainability of colliery towns in 21st century India |
| 260 ## - PUBLICATION, DISTRIBUTION, ETC. (IMPRINT) |
| Place of publication, distribution, etc |
Nagarlok |
| 300 ## - PHYSICAL DESCRIPTION |
| Extent |
54(2), Jun, 2022: p.65-85 |
| 520 ## - SUMMARY, ETC. |
| Summary, etc |
Coal mining in India has initiated the process of urbanisation in sparsely populated interior regions of India, and most of the colliery towns of India are small in size and mono-functional in nature. Coal mining in central India was initiated at the beginning of the 20th Century, and a few small urban settlements evolved with the beginning of the collieries. Most of these colliery towns are mono-functional and still insignificant in population size. On the contrary, Chirimiri has evolved into a relatively populous multi-functional town over the years. Henceforth, it is interesting to demystify the evolution process of the largest colliery town in the region. It is also worth understanding that the decline of mining towns is a common phenomenon across the globe, and the process of de-urbanisation of the Chirimiri town has already begun. However, population decline is slow, and the town is fighting hard against its inevitable fate. Unfortunately, like many small towns, Chirimiri is also a neglected town where no significant record is available about the town (not even City Development Plan). The present study attempts to describe the evolutionary history of the town systematically. – Reproduced |
| 650 ## - SUBJECT ADDED ENTRY--TOPICAL TERM |
| Topical term or geographic name as entry element |
Urbanisation, Eolution, Colliery town, Chirimiri, Sustainability. |
| 9 (RLIN) |
33428 |
| 773 ## - HOST ITEM ENTRY |
| Main entry heading |
Nagarlok |
| 856 ## - ELECTRONIC LOCATION AND ACCESS |
| Uniform Resource Identifier |
https://www.iipa.org.in/cms/public/uploads/394551658912326.pdf |
| 906 ## - LOCAL DATA ELEMENT F, LDF (RLIN) |
| Subject DIP |
URBAN DEVELOPMENT |
| 942 ## - ADDED ENTRY ELEMENTS (KOHA) |
| Item type |
Articles |